000 00431nam a22001697a 4500
003 NUST - PNEC
005 20170116181030.0
008 150919b xxu||||| |||| 00| 0 eng d
020 _a0442207190
040 _cLIBRARY
082 _a621.3848 TOO
100 _911026
_aToomay, J. C.
245 _aRadar principles for the non-specialist
_cJ. C. Toomay,
260 _cc1989.
650 _911031
_aRadar
_xEL.MS
942 _2ddc
_cBK
999 _c67704
_d67704